| 000 | 00533nam a2200169Ia 4500 | ||
|---|---|---|---|
| 008 | 180921t2015 xxu||||| |||| 00| 0 sin d | ||
| 041 | _asin | ||
| 080 |
_a294.3 _bGNA |
||
| 100 | _aGnanananda Himi, Kiribathgoda | ||
| 245 | _aභාගිනෙය්ය සංඝරක්ඛිත මහරහතන් වහන්සේ | ||
| 246 | _aBhagineiya Sangarakkitha Maha Rahathan Wahanse | ||
| 260 |
_bMahamegha _aPolgahawela _c2015 |
||
| 300 | _b9p, 30cm | ||
| 942 | _cBK | ||
| 999 |
_c1975 _d1975 |
||
| 003 | LK-CoDNM | ||
| 040 |
_aLK-CoDNM _dLK-CoDNM _eLK-CoDNM |
||